[Event "Pula op 30th"]
[Site "Pula"]
[Date "2016.09.12"]
[Round "3"]
[White "Muskardin, Mario"]
[Black "Marceta, Milan"]
[Result "1-0"]
[WhiteElo "2280"]
[BlackElo "1950"]
[PlyCount "65"]
[EventDate "2016.09.10"]
[EventType "swiss"]
[EventRounds "9"]
[EventCountry "CRO"]
[SourceTitle "CBM 174 Extra"]
[Source "ChessBase"]
[SourceDate "2016.10.10"]
[SourceVersion "1"]
[SourceVersionDate "2016.10.10"]
[SourceQuality "1"]

1. Nf3 Nf6 2. c4 c5 3. Nc3 g6 4. d4 cxd4 5. Nxd4 Bg7 6. e4 d6 7. Be2 a6 8. Be3 0-0 9. 0-0 Nbd7 10. Qd2 Nc5 11. f3 b6 12. b4 Ne6 13. Rac1 Bb7 14. Nd5 Nxd5 15. cxd5 Nxd4 16. Bxd4 e6 17. Bxg7 Kxg7 18. dxe6 fxe6 19. Rfd1 d5 20. Qd4+ Kg8 21. Qe5 Qf6 22. Qc7 Rab8 23. e5 Qf5 24. Bd3 Qf4 25. Qxb6 Rfe8 26. Rc7 Ba8 27. Qa7 Qxe5 28. Rxh7 Qf6 29. Rh6 Rb7 30. Rxg6+ Rg7 31. Rxg7+ Qxg7 32. Qxg7+ Kxg7 33. Bxa6 1-0

[Event "CRO-chT2W"]
[Site "Croatia"]
[Date "2016.04.10"]
[Round "6.5"]
[White "Marceta, Milan"]
[Black "Kovacevic, Matija"]
[Result "1-0"]
[WhiteElo "1963"]
[BlackElo "2002"]
[PlyCount "119"]
[EventDate "2016.03.05"]
[EventType "team-tourn"]
[EventRounds "9"]
[EventCountry "CRO"]
[SourceTitle "EXT 2017"]
[Source "ChessBase"]
[SourceDate "2016.10.25"]
[SourceVersion "1"]
[SourceVersionDate "2016.10.25"]
[SourceQuality "1"]
[WhiteTeam "Pula Uljanik"]
[BlackTeam "Buje"]
[WhiteTeamCountry "CRO"]
[BlackTeamCountry "CRO"]

1. e4 c5 2. Nf3 d6 3. c4 Nf6 4. Nc3 Nc6 5. d4 cxd4 6. Nxd4 g6 7. Be2 Bg7 8. Be3 0-0 9. 0-0 Re8 10. h3 Bd7 11. Qd2 Nxd4 12. Bxd4 Bc6 13. Bf3 Qa5 14. Rad1 Rac8 15. b3 Nd7 16. Bxg7 Kxg7 17. Bg4 Rcd8 18. f4 Nf6 19. Bf3 a6 20. Kh2 b5 21. Qe3 Qc7 22. e5 Ng8 23. cxb5 axb5 24. Rc1 Bxf3 25. Rxf3 Qb8 26. Kh1 d5 27. Ne2 e6 28. Nd4 Ne7 29. Rf2 Rc8 30. Rfc2 Rxc2 31. Rxc2 b4 32. Qd2 Rc8 33. Kh2 Rxc2 34. Qxc2 Qb6 35. Qd2 h5 36. Qf2 Kg8 37. Qd2 Qc5 38. Nc2 Nc6 39. a3 Qc3 40. Qxc3 bxc3 41. b4 d4 42. Ne1 Kf8 43. Kg3 Ke7 44. Kf3 f6 45. exf6+ Kxf6 46. Ke4 Ke7 47. b5 Na7 48. a4 Nc8 49. Kxd4 Nb6 50. a5 Nd5 51. b6 Kd6 52. b7 Kc7 53. a6 h4 54. Nc2 Kb8 55. Kc5 Kc7 56. Nd4 Ne7 57. Nxe6+ Kb8 58. Nd4 Ka7 59. Nb5+ Kb8 60. Nxc3 1-0

[Event "Pula-ch"]
[Site "Pula"]
[Date "2015.01.22"]
[Round "3"]
[White "Topic, Joso"]
[Black "Marceta, Milan"]
[Result "0-1"]
[WhiteElo "1701"]
[BlackElo "2012"]
[PlyCount "68"]
[EventDate "2015.01.15"]
[EventType "swiss"]
[EventRounds "9"]
[EventCountry "CRO"]
[SourceTitle "EXT 2016"]
[Source "ChessBase"]
[SourceDate "2015.10.08"]
[SourceVersion "1"]
[SourceVersionDate "2015.10.08"]
[SourceQuality "1"]

1. d4 Nf6 2. Nf3 g6 3. g3 Bg7 4. Bg2 0-0 5. 0-0 d5 6. Nbd2 Nbd7 7. b3 c5 8. Bb2 e6 9. c4 b6 10. dxc5 bxc5 11. cxd5 exd5 12. Qc2 Ba6 13. Rfe1 Re8 14. e3 Rc8 15. Rac1 Nb6 16. h3 c4 17. bxc4 dxc4 18. Ne5 c3 19. Bxc3 Rxe5 20. Qb2 Na4 21. Qa3 Rxc3 22. Rxc3 Nxc3 23. Qxc3 Nd5 24. Qa3 Nc7 25. Nf3 Re6 26. Qa5 Rb6 27. Rc1 Nb5 28. Bf1 Bc3 29. Rxc3 Nxc3 30. Qxc3 Rb1 31. Nd2 Rd1 32. Kg2 Bb7+ 33. Nf3 Bxf3+ 34. Kxf3 Rxf1 0-1

[Event "Pula CC-ch"]
[Site "Pula"]
[Date "2014.01.21"]
[Round "2"]
[White "Fercec, Nenad"]
[Black "Marceta, Milan"]
[Result "1-0"]
[WhiteElo "2473"]
[BlackElo "2010"]
[PlyCount "57"]
[EventDate "2014.01.17"]
[EventType "swiss"]
[EventRounds "9"]
[EventCountry "CRO"]
[SourceTitle "EXT 2016"]
[Source "ChessBase"]
[SourceDate "2015.10.08"]
[SourceVersion "1"]
[SourceVersionDate "2015.10.08"]
[SourceQuality "1"]

1. e4 e5 2. Nf3 Nc6 3. Bc4 Be7 4. d4 d6 5. c3 Nf6 6. Nbd2 0-0 7. Bd3 Bg4 8. d5 Nb8 9. h3 Bh5 10. 0-0 Nbd7 11. Re1 Nc5 12. Bc2 a5 13. b4 axb4 14. cxb4 Ncd7 15. g4 Bg6 16. Nc4 h5 17. Nh4 hxg4 18. Nxg6 fxg6 19. hxg4 Nh7 20. Kg2 Bh4 21. Be3 Bxf2 22. Bxf2 Rxf2+ 23. Kxf2 Qh4+ 24. Kg2 Rf8 25. Rf1 Rxf1 26. Kxf1 Qh3+ 27. Ke2 Qg2+ 28. Kd3 Ndf6 29. Qe2 1-0

[Event "Pula Uljanik CC-ch"]
[Site "Pula"]
[Date "2013.01.26"]
[Round "1"]
[White "Marceta, Milan"]
[Black "Nikolic, Miroslav"]
[Result "1-0"]
[WhiteElo "2024"]
[BlackElo "1674"]
[PlyCount "75"]
[EventDate "2013.01.17"]
[EventType "swiss"]
[EventRounds "9"]
[EventCountry "CRO"]
[SourceTitle "EXT 2014"]
[Source "ChessBase"]
[SourceDate "2013.11.20"]
[SourceVersion "1"]
[SourceVersionDate "2013.11.20"]
[SourceQuality "1"]

1. e4 e5 2. Nf3 Nc6 3. Bb5 Bd6 4. 0-0 Nge7 5. c3 0-0 6. d4 exd4 7. cxd4 Ng6 8. e5 Be7 9. Nc3 a6 10. Bc4 d6 11. exd6 Bxd6 12. Ng5 Nxd4 13. Qh5 h6 14. Nxf7 Rxf7 15. Qxg6 Qf6 16. Qxf6 gxf6 17. Bxf7+ Kxf7 18. Bxh6 Bf5 19. h3 Rg8 20. Rfd1 c5 21. Kf1 Be6 22. b3 Be5 23. Rac1 Bh2 24. Be3 Bxh3 25. Bxd4 Bxg2+ 26. Ke2 cxd4 27. Rxd4 Re8+ 28. Kd2 Be5 29. Rh4 Rd8+ 30. Kc2 Rc8 31. Rc4 Rxc4 32. bxc4 Bxc3 33. Kxc3 f5 34. Kd4 Kf6 35. Rg1 Bc6 36. f4 Be4 37. Rg8 Bf3 38. Rf8+ 1-0

[Event "CRO-chT2 West"]
[Site "Rijeka"]
[Date "2012.10.14"]
[Round "9.52"]
[White "Marceta, Milan"]
[Black "Zoricic, Marijan"]
[Result "0-1"]
[WhiteElo "2080"]
[BlackElo "2118"]
[PlyCount "96"]
[EventDate "2012.03.17"]
[EventType "team-tourn"]
[EventRounds "9"]
[EventCountry "CRO"]
[SourceTitle "EXT 2013"]
[Source "ChessBase"]
[SourceDate "2012.11.22"]
[SourceVersion "1"]
[SourceVersionDate "2012.11.22"]
[SourceQuality "1"]

1. e4 e6 2. d4 d5 3. Nc3 Bb4 4. e5 c5 5. a3 cxd4 6. Qxd4 Bxc3+ 7. Qxc3 Ne7 8. Nf3 Nbc6 9. Bg5 Bd7 10. Bd3 h6 11. Bh4 Rc8 12. Qd2 Qb6 13. 0-0 g5 14. Bg3 Nd4 15. Nxd4 Qxd4 16. c3 Qb6 17. Kh1 Bb5 18. Bxb5+ Qxb5 19. f4 g4 20. Bh4 Nf5 21. Bf6 Rg8 22. Rfc1 Rc4 23. b3 Qxb3 24. Rab1 Qxa3 25. Rxb7 Rg6 26. Qe1 Qa6 27. Rb8+ Kd7 28. Ra1 Ra4 29. Rab1 Rxf4 30. g3 Rc4 31. Rf8 Rc7 32. Rxf7+ Kc6 33. Ra1 Qd3 34. Rxc7+ Kxc7 35. Rxa7+ Kb6 36. Ra1 Qe4+ 37. Qxe4 dxe4 38. Ra4 e3 39. Kg2 Rg8 40. Kf1 Kc5 41. Ke2 h5 42. Rf4 Ra8 43. Rxf5 exf5 44. Kxe3 Kd5 45. Kf4 Ke6 46. Kg5 Ra2 47. Kxh5 Rxh2+ 48. Kg5 Rc2 0-1

[Event "CRO-chT2 West"]
[Site "Rijeka"]
[Date "2012.03.18"]
[Round "2.52"]
[White "Tomljanovic, Goran"]
[Black "Marceta, Milan"]
[Result "0-1"]
[WhiteElo "2063"]
[BlackElo "2080"]
[PlyCount "68"]
[EventDate "2012.03.17"]
[EventType "team-tourn"]
[EventRounds "9"]
[EventCountry "CRO"]
[SourceTitle "EXT 2013"]
[Source "ChessBase"]
[SourceDate "2012.11.22"]
[SourceVersion "1"]
[SourceVersionDate "2012.11.22"]
[SourceQuality "1"]

1. d4 Nf6 2. c4 g6 3. Nc3 Bg7 4. g3 d6 5. Bg2 0-0 6. Nf3 Nbd7 7. 0-0 c6 8. Qc2 e5 9. e3 Qe7 10. d5 Nb6 11. Nd2 cxd5 12. cxd5 Qc7 13. Qd3 a6 14. b3 e4 15. Bxe4 Nxe4 16. Ncxe4 Bxa1 17. Ba3 Be5 18. f4 Bg7 19. Bxd6 Qd8 20. Bxf8 Kxf8 21. d6 Bd7 22. Nc5 Bc6 23. f5 Kg8 24. Nc4 Nxc4 25. bxc4 Qa5 26. Nb3 Qxa2 27. Rf2 Qa3 28. fxg6 hxg6 29. Rf1 Rd8 30. Rd1 Ba4 31. Nc1 Bc3 32. Rf1 Rxd6 33. Qe4 Bc6 34. Qe7 Bf6 0-1

[Event "CRO-chT3 West"]
[Site "Croatia"]
[Date "2011.11.06"]
[Round "8.33"]
[White "Samblic, Silvano"]
[Black "Marceta, Milan"]
[Result "0-1"]
[WhiteElo "1996"]
[BlackElo "2067"]
[PlyCount "92"]
[EventDate "2011.03.12"]
[EventType "team-tourn"]
[EventRounds "9"]
[EventCountry "CRO"]
[SourceTitle "EXT 2014"]
[Source "ChessBase"]
[SourceDate "2013.11.20"]
[SourceVersion "1"]
[SourceVersionDate "2013.11.20"]
[SourceQuality "1"]

1. e4 c5 2. Nc3 Nc6 3. d3 d6 4. g3 g6 5. Bg2 Bg7 6. f4 Nf6 7. Nf3 0-0 8. 0-0 Rb8 9. h3 b5 10. Ne2 Qc7 11. c3 Bb7 12. Be3 Rbd8 13. g4 e5 14. a4 b4 15. Rc1 exf4 16. Nxf4 a5 17. g5 Nd7 18. Nd5 Qb8 19. d4 Ba6 20. Rf2 Bc4 21. Nh2 Bxd5 22. exd5 Ne7 23. Ng4 Nf5 24. Qd3 Nxe3 25. Nxe3 f5 26. Rf4 Qa7 27. Rcf1 Ne5 28. dxe5 dxe5 29. Rc4 e4 30. Bxe4 fxe4 31. Rxf8+ Rxf8 32. Qxe4 Kh8 33. Qe6 Qb8 34. Rxc5 Re8 35. Qg4 bxc3 36. bxc3 Qb6 37. Qc4 Rxe3 38. Qb5 Qd8 39. Kf2 Rxc3 40. Rxc3 Bxc3 41. h4 h6 42. Qd3 Qb6+ 43. Kf3 Be1 44. Qe2 Qb3+ 45. Kg2 Qxd5+ 46. Kf1 Qh1# 0-1

[Event "CRO-chT3 West"]
[Site "Croatia"]
[Date "2011.04.10"]
[Round "5.53"]
[White "Marceta, Milan"]
[Black "Oreskovic, Milan"]
[Result "1/2-1/2"]
[WhiteElo "2067"]
[BlackElo "2037"]
[PlyCount "90"]
[EventDate "2011.03.12"]
[EventType "team-tourn"]
[EventRounds "9"]
[EventCountry "CRO"]
[SourceTitle "EXT 2014"]
[Source "ChessBase"]
[SourceDate "2013.11.20"]
[SourceVersion "1"]
[SourceVersionDate "2013.11.20"]
[SourceQuality "1"]

1. e4 d5 2. exd5 Qxd5 3. Nc3 Qa5 4. Nf3 Bg4 5. Be2 e6 6. d4 Nd7 7. 0-0 0-0-0 8. Bd2 Qf5 9. h3 h5 10. Nh2 Bxe2 11. Qxe2 g5 12. Ne4 Be7 13. f4 g4 14. Ng5 gxh3 15. Nxh3 Ngf6 16. Ng5 Ng4 17. Nhf3 h4 18. c4 Rdg8 19. Ne5 Ngxe5 20. fxe5 Qg6 21. Nh3 Rh7 22. Rf2 Rhg7 23. Raf1 Qg3 24. Kh1 c5 25. Bf4 Qg6 26. d5 Bd8 27. Bh2 Bg5 28. Nxg5 Qxg5 29. Rxf7 Rxf7 30. Rxf7 Qc1+ 31. Rf1 Qh6 32. Qd3 Qg5 33. Qh3 Nxe5 34. Qxe6+ Nd7 35. Qh3 Qg6 36. b3 a6 37. Re1 Qg5 38. Re5 Qf6 39. d6 Kb8 40. Re7 Qf1+ 41. Bg1 Rg3 42. Qh2 Nf6 43. Rf7 Kc8 44. Rc7+ Kb8 45. Rf7 Kc8 1/2-1/2

[Event "CRO-chT3 West"]
[Site "Croatia"]
[Date "2011.03.13"]
[Round "2.23"]
[White "Marceta, Milan"]
[Black "Kovacic, Dragutin"]
[Result "1-0"]
[WhiteElo "2067"]
[BlackElo "2007"]
[PlyCount "57"]
[EventDate "2011.03.12"]
[EventType "team-tourn"]
[EventRounds "9"]
[EventCountry "CRO"]
[SourceTitle "EXT 2014"]
[Source "ChessBase"]
[SourceDate "2013.11.20"]
[SourceVersion "1"]
[SourceVersionDate "2013.11.20"]
[SourceQuality "1"]

1. e4 e6 2. d4 d5 3. e5 c5 4. c3 Nc6 5. Nf3 a6 6. a3 cxd4 7. cxd4 Nge7 8. b4 Bd7 9. Bd3 Rc8 10. Bb2 Qb6 11. Nbd2 g6 12. 0-0 Bg7 13. Nb3 Nb8 14. Nc5 Bc6 15. Qd2 Nd7 16. a4 Nxc5 17. dxc5 Qc7 18. b5 axb5 19. axb5 Bd7 20. Rfc1 0-0 21. Ra7 Qb8 22. Qa5 Qc7 23. Qxc7 Rxc7 24. c6 Bc8 25. Ba3 Re8 26. Bd6 Nxc6 27. Rxc6 Rxc6 28. bxc6 bxc6 29. Rc7 1-0

[Event "CRO-chT3 West"]
[Site "Croatia"]
[Date "2011.03.13"]
[Round "3.53"]
[White "Pilepic, Slobodan"]
[Black "Marceta, Milan"]
[Result "0-1"]
[WhiteElo "2003"]
[BlackElo "2067"]
[PlyCount "54"]
[EventDate "2011.03.12"]
[EventType "team-tourn"]
[EventRounds "9"]
[EventCountry "CRO"]
[SourceTitle "EXT 2014"]
[Source "ChessBase"]
[SourceDate "2013.11.20"]
[SourceVersion "1"]
[SourceVersionDate "2013.11.20"]
[SourceQuality "1"]

1. d4 Nf6 2. c4 g6 3. Nc3 Bg7 4. e4 d6 5. Bd3 0-0 6. Nge2 e5 7. 0-0 Ng4 8. d5 f5 9. f3 Nh6 10. exf5 gxf5 11. Be3 f4 12. Bf2 Nf5 13. Ne4 b6 14. Kh1 h5 15. Rg1 h4 16. g4 hxg3 17. hxg3 fxg3 18. Bxg3 Ne3 19. Qe1 Rxf3 20. Bh2 Bh3 21. N2g3 Qh4 22. Qe2 Bg4 23. Qd2 Nd7 24. Be2 Raf8 25. Nf1 Nxf1 26. Raxf1 Rxf1 27. Rxf1 Rxf1+ 0-1

[Event "CRO-chT3 West"]
[Site "Croatia"]
[Date "2010.10.24"]
[Round "8.51"]
[White "Marceta, Milan"]
[Black "Baljak, Jadranko"]
[Result "1-0"]
[WhiteElo "2097"]
[BlackElo "1915"]
[PlyCount "37"]
[EventDate "2010.03.27"]
[EventType "team-tourn"]
[EventRounds "9"]
[EventCountry "CRO"]
[SourceTitle "EXT 2012"]
[Source "ChessBase"]
[SourceDate "2011.11.24"]
[SourceVersion "1"]
[SourceVersionDate "2011.11.24"]
[SourceQuality "1"]

1. e4 c5 2. Nf3 d6 3. d4 cxd4 4. Nxd4 Nf6 5. Nc3 a6 6. Be2 e6 7. Be3 Be7 8. Qd2 Bd7 9. f4 Nc6 10. 0-0-0 Nxd4 11. Bxd4 Rc8 12. Bf3 Qc7 13. e5 dxe5 14. fxe5 Ng8 15. Bb6 Bg5 16. Qxg5 Qxb6 17. Ne4 Qc7 18. Rd2 Ne7 19. Qxg7 1-0

[Event "CRO-chT3 West"]
[Site "Croatia"]
[Date "2010.04.24"]
[Round "4.43"]
[White "Oreskovic, Milan"]
[Black "Marceta, Milan"]
[Result "0-1"]
[WhiteElo "2011"]
[BlackElo "2097"]
[PlyCount "120"]
[EventDate "2010.03.27"]
[EventType "team-tourn"]
[EventRounds "9"]
[EventCountry "CRO"]
[SourceTitle "EXT 2012"]
[Source "ChessBase"]
[SourceDate "2011.11.24"]
[SourceVersion "1"]
[SourceVersionDate "2011.11.24"]
[SourceQuality "1"]

1. Nf3 Nf6 2. b3 g6 3. Bb2 Bg7 4. e4 d6 5. d3 0-0 6. Be2 e5 7. 0-0 c5 8. Re1 Nc6 9. Nbd2 a6 10. c3 b5 11. Nf1 d5 12. Ng3 Bb7 13. Bf1 d4 14. c4 b4 15. h3 h6 16. Nh2 Nh7 17. Be2 f5 18. exf5 gxf5 19. Bf3 Qd7 20. Nh5 Rae8 21. Bd5+ Kh8 22. Bc1 Nd8 23. Bxb7 Qxb7 24. Nxg7 Qxg7 25. Qh5 Re6 26. Nf3 Nc6 27. Nh4 f4 28. Kh1 Qg5 29. Qxg5 hxg5 30. Nf3 Rfe8 31. Nd2 Nf6 32. Ne4 Nxe4 33. Rxe4 Nd8 34. Bd2 Nf7 35. f3 Nd6 36. Re2 Nf5 37. Be1 Ne3 38. Kg1 a5 39. a4 Kg7 40. Raa2 Rh6 41. Rad2 Kf6 42. Bf2 Reh8 43. Re1 g4 44. fxg4 Nxg4 45. Rf1 Ne3 46. Bxe3 dxe3 47. Re2 Ke6 48. Kh2 Rd8 49. g3 Rf6 50. g4 Rxd3 51. g5 Rf5 52. Rg1 f3 53. Rxe3 Rxe3 54. h4 f2 55. Rf1 Re1 56. Kg2 Rxf1 57. Kxf1 e4 58. g6 e3 59. g7 e2+ 60. Kxe2 f1Q+ 0-1

[Event "CRO-chT3"]
[Site "Rijeka/Pula"]
[Date "2009.04.05"]
[Round "2"]
[White "Marceta, Milan"]
[Black "Kovacic, Dragutin"]
[Result "1-0"]
[WhiteElo "2142"]
[BlackElo "1983"]
[PlyCount "123"]
[EventDate "2009.04.04"]
[EventType "team-tourn"]
[EventRounds "9"]
[EventCountry "CRO"]
[SourceTitle "EXT 2011"]
[Source "ChessBase"]
[SourceDate "2010.11.26"]
[SourceVersion "1"]
[SourceVersionDate "2010.11.26"]
[SourceQuality "1"]

1. e4 e5 2. Nf3 Nc6 3. Bb5 d6 4. c3 Bd7 5. d4 exd4 6. cxd4 Nf6 7. Nc3 h6 8. 0-0 Be7 9. d5 Ne5 10. Nd4 Bxb5 11. Ndxb5 0-0 12. f4 Ned7 13. Nd4 Nh7 14. Nf5 Bf6 15. Be3 Qe8 16. Bd4 Bxd4+ 17. Qxd4 Nhf6 18. Rae1 Qd8 19. e5 Nh7 20. exd6 Nhf6 21. Ne4 cxd6 22. Nexd6 Qb6 23. Re7 Qxd4+ 24. Nxd4 Nb6 25. Rxb7 Nbxd5 26. Nc6 a5 27. g3 Ra6 28. Rc1 Nb4 29. Ne7+ Kh7 30. a3 Nd3 31. Rc6 Raa8 32. Nef5 Rab8 33. Rcb6 Rxb7 34. Rxb7 Kg8 35. b4 axb4 36. axb4 Nd5 37. b5 Nc5 38. Ra7 Nb6 39. Re7 Nca4 40. Ne8 Nd5 41. Re5 g6 42. Nxh6+ Kh7 43. Ng4 Nab6 44. Ngf6+ Nxf6 45. Nxf6+ Kg7 46. Nd5 Nd7 47. Re2 Rb8 48. Rb2 Kf8 49. Kg2 f5 50. h3 Kf7 51. g4 Ke6 52. Ne3 fxg4 53. hxg4 Nb6 54. Kf3 Kd6 55. Rc2 Rc8 56. Rxc8 Nxc8 57. Ke4 Nb6 58. Kd4 Nd7 59. Nc4+ Kc7 60. Ne5 Nf8 61. Nxg6 Nxg6 62. f5 1-0

[Event "Pula op 22nd"]
[Site "Pula"]
[Date "2008.06.22"]
[Round "2"]
[White "Kopylov, Alexander A"]
[Black "Marceta, Milan"]
[Result "1-0"]
[WhiteElo "2384"]
[BlackElo "2133"]
[PlyCount "95"]
[EventDate "2008.06.21"]
[EventType "swiss"]
[EventRounds "9"]
[EventCountry "CRO"]
[SourceTitle "CBM 125 Extra"]
[Source "ChessBase"]
[SourceDate "2008.09.01"]
[SourceVersion "1"]
[SourceVersionDate "2008.09.01"]
[SourceQuality "1"]

1. d4 Nf6 2. c4 g6 3. Nc3 Bg7 4. e4 d6 5. f3 0-0 6. Bg5 c5 7. d5 Na6 8. Qd2 Nc7 9. Nge2 a6 10. Ng3 Bd7 11. Be2 b5 12. 0-0 bxc4 13. a4 Rb8 14. f4 Rb4 15. Kh1 Qb8 16. Ra2 Qb7 17. Bf3 Rb8 18. Rf2 Kf8 19. e5 Ng8 20. Nge4 Ne8 21. e6 fxe6 22. dxe6 Bc6 23. f5 Ngf6 24. fxg6 hxg6 25. Bxf6 exf6 26. Nxd6 Qe7 27. Nxe8 Bxe8 28. Nd5 Qxe6 29. Nxb4 cxb4 30. Bd5 Qb6 31. Bxc4 Rd8 32. Qe1 a5 33. b3 f5 34. Rae2 Bf6 35. Rf3 Bd7 36. Rd3 Qc7 37. Qd2 Kg7 38. h3 Bc6 39. Rxd8 Bxd8 40. Re6 Bf6 41. Qd6 Qxd6 42. Rxd6 Be4 43. Bd5 Be7 44. Rd7 Kf6 45. Kh2 Bc2 46. Kg3 g5 47. Kf3 g4+ 48. Kf4 1-0

[Event "CRO Cup"]
[Site "Rabac"]
[Date "2004.06.27"]
[Round "9"]
[White "Marceta, Milan"]
[Black "Bozanic, Ivica"]
[Result "1-0"]
[WhiteElo "2159"]
[BlackElo "2238"]
[PlyCount "65"]
[EventDate "2004.05.20"]
[EventType "swiss"]
[EventRounds "9"]
[EventCountry "CRO"]
[SourceTitle "CBM 100 Extra"]
[Source "ChessBase"]
[SourceDate "2004.07.06"]
[SourceVersion "2"]
[SourceVersionDate "2004.07.06"]
[SourceQuality "1"]

1. e4 e5 2. Nf3 Nc6 3. Bb5 f5 4. d3 fxe4 5. dxe4 Nf6 6. 0-0 d6 7. Nc3 Be7 8. h3 0-0 9. Ng5 Kh8 10. Bc4 Qe8 11. Be6 Qg6 12. Bxc8 Raxc8 13. f4 exf4 14. Ne6 Rfe8 15. Nxf4 Qf7 16. b3 Ne5 17. Bb2 Bd8 18. g4 Qe7 19. Ncd5 Qd7 20. Nxf6 Bxf6 21. Nh5 Nxg4 22. Nxf6 Nxf6 23. Rxf6 gxf6 24. Bxf6+ Kg8 25. Kh2 Rf8 26. Qd5+ Rf7 27. Rg1+ Kf8 28. Qg5 Ke8 29. Qh5 Qe6 30. Rg8+ Kd7 31. Qb5+ c6 32. Qxb7+ Rc7 33. Rd8# 1-0

[Event "CRO Cup"]
[Site "Rabac"]
[Date "2004.06.24"]
[Round "6"]
[White "Marceta, Milan"]
[Black "Ramesa, Marin"]
[Result "0-1"]
[WhiteElo "2159"]
[BlackElo "2204"]
[PlyCount "58"]
[EventDate "2004.05.20"]
[EventType "swiss"]
[EventRounds "9"]
[EventCountry "CRO"]
[SourceTitle "CBM 100 Extra"]
[Source "ChessBase"]
[SourceDate "2004.07.06"]
[SourceVersion "2"]
[SourceVersionDate "2004.07.06"]
[SourceQuality "1"]

1. e4 c5 2. Nf3 Nc6 3. d4 cxd4 4. Nxd4 Qc7 5. Nc3 e6 6. Be2 a6 7. 0-0 Nf6 8. Be3 Be7 9. Kh1 0-0 10. f4 d6 11. Bf3 Na5 12. Qe1 Nc4 13. b3 Nxe3 14. Qxe3 e5 15. Nde2 b5 16. Rac1 Bb7 17. Rfd1 Rfe8 18. a4 b4 19. Na2 d5 20. exd5 e4 21. Bxe4 Bc5 22. Bxh7+ Nxh7 23. Qf3 Re3 24. Qf1 Qb6 25. Ng1 Nf6 26. Nf3 Nxd5 27. Ne5 Rxe5 28. fxe5 Ne3 29. Qe2 Nxg2 0-1

[Event "Pula op 18th"]
[Site "Pula"]
[Date "2004.06.23"]
[Round "6"]
[White "Marceta, Milan"]
[Black "Feletar, Darko"]
[Result "0-1"]
[WhiteElo "2159"]
[BlackElo "2395"]
[PlyCount "64"]
[EventDate "2004.06.19"]
[EventType "swiss"]
[EventRounds "9"]
[EventCountry "CRO"]
[SourceTitle "CBM 100 Extra"]
[Source "ChessBase"]
[SourceDate "2004.07.06"]
[SourceVersion "2"]
[SourceVersionDate "2004.07.06"]
[SourceQuality "1"]

1. c4 e5 2. Nc3 Nf6 3. g3 d5 4. cxd5 Nxd5 5. Bg2 Nb6 6. Nf3 Nc6 7. d3 Be7 8. 0-0 0-0 9. b3 Be6 10. Bb2 f5 11. Rc1 Bf6 12. h4 h6 13. Qd2 Qd7 14. Rfd1 Nd4 15. e3 Nxf3+ 16. Bxf3 c6 17. Ne2 Rad8 18. Bg2 Bd5 19. d4 e4 20. Nf4 Bf7 21. Qa5 g5 22. hxg5 hxg5 23. Ne2 Nd5 24. Nc3 Nxc3 25. Qxc3 Bd5 26. Bf1 Bg7 27. Bc4 f4 28. Bxd5+ cxd5 29. exf4 gxf4 30. gxf4 Rxf4 31. Qc7 Qg4+ 32. Kf1 Rdf8 0-1